| 000 | 00662nam a22002172 4500 | ||
|---|---|---|---|
| 001 | 0000019423 | ||
| 005 | 20151217145915.0 | ||
| 008 | 101115s xx 000 0 eng d | ||
| 020 | _a0521298643 : | ||
| 040 |
_aKABU _cKABU |
||
| 100 | 1 |
_aKosniowski, Czes. _@0000179134 |
|
| 245 | 1 | 2 |
_aA First Course in algebraic topolgy / _cCzes Kosniowski. |
| 250 | _a1st ed. | ||
| 260 |
_aCambridge : _bC. U. P., _c1980. |
||
| 300 | _aviii, 269 p. | ||
| 650 | 0 |
_aAlgebraic topology. _@0000154712 |
|
| 852 | 1 | _9p2470 KES | |
| 852 | 1 | _9p2470 KES | |
| 908 | _a101115 | ||
| 950 | _@1 | ||
| 999 |
_c3929 _d3929 |
||